| Tag |
First Indicator |
Second Indicator |
Subfields |
| LEADER |
00000cam a2200000 4500 |
| 001 |
in00000296708 |
| 005 |
20210123063159.0 |
| 008 |
681122m19689999nyub b 00010 eng d |
| 010 |
|
|
|a 68008409
|
| 035 |
|
|
|a (OCoLC)00361265
|
| 035 |
|
|
|9 ABF3030AM
|
| 040 |
|
|
|a DLC
|c DLC
|d TXA
|d UtOrBLW
|
| 049 |
|
|
|a TXAM
|v 1 [1206496]
|v 2 [1206497]
|v 4 [1206498]
|v 5 [1131701]
|v 6 [1206499]
|v 6 [1206128]
|v 7 [1204144]
|v 8 [1144618]
|v 9 [1144619]
|v 10 [1205507]
|
| 050 |
0 |
0 |
|a D5
|b .M27
|
| 100 |
1 |
|
|a McNeill, William Hardy,
|d 1917-2016.
|
| 245 |
1 |
0 |
|a Readings in world history /
|c Edited by William H. McNeill and Jean W. Sedlar.
|
| 264 |
|
1 |
|a [New York] :
|b [Oxford University Press],
|c [1968-]
|
| 300 |
|
|
|a 10 volumes :
|b map.
|
| 336 |
|
|
|a text
|b txt
|2 rdacontent
|
| 337 |
|
|
|a unmediated
|b n
|2 rdamedia
|
| 338 |
|
|
|a volume
|b nc
|2 rdacarrier
|
| 500 |
|
|
|a Cover title.
|
| 504 |
|
|
|a Bibliographical footnotes.
|
| 505 |
0 |
|
|a v. 1. The origins of civilization--v. 2. The ancient Near East.--v. 3. The classical Mediterranean world.--v. 4. Classical India.--v. 5. Classical China.--v. 7. China, India, and Japan: the middle period.--v. 8. Medieval Europe, edited by W. H. McNeill and S. Houser.--v. 9. Modern Asia and Africa, edited by W. H. McNeill and M. Iriye.--v. 10. Modern Europe and America, edited by W. H. McNeill and S. O. Houser.
|
| 536 |
|
|
|a From the Library of Betty Miller Unterberger, Patricia and Bookman Peters, Professor of History, December 2005.
|
| 650 |
|
0 |
|a History
|v Sources.
|
| 700 |
1 |
|
|a Sedlar, Jean W.
|
| 999 |
|
|
|a MARS
|
| 999 |
f |
f |
|s 4829d2b2-73f3-3426-9269-63b5a72ae103
|i a50cc5c5-9b3a-32c7-8f96-1194f720a6d9
|t 0
|
| 952 |
f |
f |
|p ric
|a Texas A&M University
|b Rellis Campus
|c Joint Library Facility
|s JLF
|d Remote Storage
|t 0
|e D5 .M27
|h Library of Congress classification
|i unmediated -- volume
|k v.10
|m A14801863018
|
| 952 |
f |
f |
|p ric
|a Texas A&M University
|b Rellis Campus
|c Joint Library Facility
|s JLF
|d Remote Storage
|t 0
|e D5 .M27
|h Library of Congress classification
|i unmediated -- volume
|k v.6
|m A14811131798
|
| 952 |
f |
f |
|p ric
|a Texas A&M University
|b Rellis Campus
|c Joint Library Facility
|s JLF
|d Remote Storage
|t 0
|e D5 .M27
|h Library of Congress classification
|i unmediated -- volume
|k v.4
|m A14801862949
|
| 952 |
f |
f |
|p ric
|a Texas A&M University
|b Rellis Campus
|c Joint Library Facility
|s JLF
|d Remote Storage
|t 0
|e D5 .M27
|h Library of Congress classification
|i unmediated -- volume
|k v.1
|m A14801862923
|
| 952 |
f |
f |
|p ric
|a Texas A&M University
|b Rellis Campus
|c Joint Library Facility
|s JLF
|d Remote Storage
|t 0
|e D5 .M27
|h Library of Congress classification
|i unmediated -- volume
|k v.7
|m A14833548652
|
| 952 |
f |
f |
|p ric
|a Texas A&M University
|b Rellis Campus
|c Joint Library Facility
|s JLF
|d Remote Storage
|t 0
|e D5 .M27
|h Library of Congress classification
|i unmediated -- volume
|k v.9
|m A14801863000
|
| 952 |
f |
f |
|p ric
|a Texas A&M University
|b Rellis Campus
|c Joint Library Facility
|s JLF
|d Remote Storage
|t 0
|e D5 .M27
|h Library of Congress classification
|i unmediated -- volume
|k v.8
|m A14801862999
|
| 952 |
f |
f |
|p ric
|a Texas A&M University
|b Rellis Campus
|c Joint Library Facility
|s JLF
|d Remote Storage
|t 0
|e D5 .M27
|h Library of Congress classification
|i unmediated -- volume
|k v.2
|m A14833501634
|
| 952 |
f |
f |
|p ric
|a Texas A&M University
|b Rellis Campus
|c Joint Library Facility
|s JLF
|d Remote Storage
|t 0
|e D5 .M27
|h Library of Congress classification
|i unmediated -- volume
|k v.5
|m A14801862957
|
| 998 |
f |
f |
|a D5 .M27
|s v.1-2,v.4-v.10
|t 0
|l Remote Storage
|
| 998 |
f |
f |
|a D5 .M27
|s v.2,v.4-v.7,v.9
|t 0
|l Evans: Library Stacks
|